Využíva vrcholové řízení formální informační systémy?
Malé využívanie súčasných počítačových informačných systémov vedúcimi riadiacimi pracovníkmi vyžaduje vytvoriť špeciálne informačné systémy, ktoré by vrcholovému riadeniu lepšie vyhovovali. Pre tieto systémy sa v západnej literatúre zaviedlo označenie EIS (Executive Information Systems). Charakteris...
Gespeichert in:
| 1. Verfasser: | |
|---|---|
| Format: | Buchkapitel |
| Sprache: | Tschechisch |
| Schlagworte: | |
| Tags: |
Keine Tags, Fügen Sie das erste Tag hinzu!
|
MARC
| LEADER | 00000naa a2200000 4500 | ||
|---|---|---|---|
| 001 | r008841 | ||
| 005 | 20220831090458.0 | ||
| 041 | 0 | |a cze | |
| 044 | |a [CS] | ||
| 245 | 1 | 0 | |a Využíva vrcholové řízení formální informační systémy? |c Z. Říhová |
| 520 | |a Malé využívanie súčasných počítačových informačných systémov vedúcimi riadiacimi pracovníkmi vyžaduje vytvoriť špeciálne informačné systémy, ktoré by vrcholovému riadeniu lepšie vyhovovali. Pre tieto systémy sa v západnej literatúre zaviedlo označenie EIS (Executive Information Systems). Charakteristika požiadaviek na informácie pre vrcholové riadenie. | ||
| 610 | 2 | 0 | |a systémy počítačové |
| 610 | 2 | 0 | |a systémy informačné |
| 610 | 2 | 0 | |a využitie počítačov |
| 610 | 2 | 0 | |a riadenie |
| 610 | 2 | 0 | |a pracovníci vedúci |
| 610 | 2 | 0 | |a EIS |
| 610 | 2 | 0 | |a zabezpečenie informačné |
| 610 | 2 | 0 | |a DSS |
| 100 | 1 | |a Říhová, Z. | |